Pro D2, clubs de la saison 2023-2024. - Statistiques

Statistiques générales
  • Ce quiz a été pris 297 fois
  • Le résultat moyen est 12 sur 16
Statistiques - réponses
Classement saison 2023 Clubs % Correct
5e RC Vannes
86%
11e Biarritz olympique
85%
14e (Top 14) CA Brive
82%
2e FC Grenoble
81%
3e Stade montois
80%
1er (Nationale) US Dax
78%
13e US Montauban
77%
8e Provence Rugby
75%
6e SU Agen
74%
9e AS Béziers
69%
14e Soyaux Angoulême XV
66%
7e US Colomiers
65%
4e USO Nevers
65%
12e Rouen NR
64%
2e (Nationale) Valence Romans DR
59%
10e Stade aurillacois
57%
Aucun quiz correspondant
Distribution des résultats
% des personnes avec chaque résultat
Percentile par nombre de réponses
Votre historique - résultats
Vous n’avez pas pris ce quiz